| 000 | 00916cam a22003011 4500 | ||
|---|---|---|---|
| 001 | 16111 | ||
| 003 | BD-RjUL | ||
| 005 | 20211208235944.0 | ||
| 008 | 140211r19681964ilua b 001 0 eng | ||
| 035 | _a(BD-RjUL)16166 | ||
| 035 | _a(OCoLC)517493 | ||
| 040 |
_aDLC _cGACCLC _dOCoLC _dDLC _dBD-RjUL _beng |
||
| 041 | _aeng | ||
| 082 | 0 | 4 |
_a658.322 _bPAJ 1968 |
| 100 | 1 |
_aPatton, John A. _949871 |
|
| 245 | 1 | 0 |
_aJob evaluation : _b text and cases / _cby John A. Patton, C. L. Littlefield and Stanley Allen Self. |
| 250 | _a3rd ed. | ||
| 260 |
_aHomewood : _bR.D. Irwin, _cc1964 [printing 1968] |
||
| 300 |
_axv, 487 p. : _billus. ; _c24 cm. |
||
| 490 | 0 | _aThe Irwin series in management | |
| 504 | _aincludes index. | ||
| 650 | 0 |
_aJob analysis. _942093 |
|
| 700 | 1 |
_aLittlefield, C. L. _949872 |
|
| 700 | 1 |
_aSelf, stanley allen. _949873 |
|
| 942 |
_2ddc _cBK |
||
| 999 |
_c16111 _d16111 |
||